História global da economia e gestão de Portugal (Registo nº 202554)

Detalhes MARC
000 -Etiqueta do registo
Valores 00818nam 22002053 4500
010 ## - Número ISBN
ISBN 978-989-644-993-3
021 ## - Número do Depósito Legal
Número 563879/26
100 ## - Dados gerais de processamento
Dados gerais 20260612d u||y0pory50 ba
200 ## - Titulo e menção de responsabilidade
Título próprio História global da economia e gestão de Portugal
Primeira menção de responsabilidade Direção de José António Porfírio, José Eduardo Franco, José Paulo Esperança
Outras menções de responsabilidade Coordenação de João Luis Cardoso...[et al.]
210 ## - Publicação
Local de publicação Lisboa
Nome do editor Temas e Debates
Data de publicação 2026
215 ## - Descrição física 
Paginação / Volumes 777 p.
Outras indicações físicas brochado
Dimensões 24 cm
300 ## - Notas gerais 
Texto da nota inclui artigo do Dr. Jorge Fonseca:" A escravidão promovida pelos portugueses no espaço euro-atlântico". -p. 349-354
606 ## - Nome comum usado como assunto
ID Autoridade 1574
Palavra de ordem História de Portugal
675 ## - CDU
Notação 94(469)
Edição PT
Língua por
702 ## - Autor secundário (pessoa individual)
ID Autoridade 17505
Apelido Porfírio
Nome José António
801 ## - Fonte de origem
País PT
Agência BMMN
Regras de catalogação RPC
830 ## - Notas gerais do catalogador
Criado por Fernando
Indexado por Fernando
990 ## - Elementos KOHA
Tipo de documento Livro
Exemplares
Situação do levantamento Biblioteca de origem Código de barras Cota Permissão de empréstimo Tipo de documento Forma de aquisição
  Biblioteca Municipal de Montemor-o-Novo 32051 94 (469) HIS|LG   Livro Oferta

Powered by Koha